Reduction in organic synthesis (Record no. 171834)

MARC details
000 -LEADER
fixed length control field 00357nam a2200145Ia 4500
008 - FIXED-LENGTH DATA ELEMENTS--GENERAL INFORMATION
fixed length control field 230917s9999||||xx |||||||||||||| ||und||
040 ## - CATALOGING SOURCE
-- 208562
Original cataloging agency VIVEKANANDA LIBRARY
041 ## - Language
-- English
082 ## - DDC NUMBER
Classification number 547.2 A48R
100 ## - MAIN ENTRY--PERSONAL NAME
Personal name Ahluwalia, V K
245 #0 - TITLE STATEMENT
Title Reduction in organic synthesis
260 ## - PUBLICATION, DISTRIBUTION, ETC. (IMPRINT)
Place of publication, distribution, etc New Delhi
Name of publisher, distributor, etc Ane Books
Date of publication, distribution, etc 2013
300 ## - PHYSICAL DESCRIPTION
Pages ix, 141 p.
942 ## - ADDED ENTRY ELEMENTS (KOHA)
Koha item type Books
Holdings
Withdrawn status Lost status Damaged status Not for loan Location (home branch) Sublocation or collection (holding branch) Date acquired Koha issues (times borrowed) Koha full call number Accession No. Koha date last seen Koha item type
        VIVEKANANDA LIBRARY VIVEKANANDA LIBRARY 06/08/2013 1 547.2 A48R 321705 12/09/2025 Books
        VIVEKANANDA LIBRARY VIVEKANANDA LIBRARY 06/08/2013   547.2 A48R 330991 17/09/2023 Books
© Designed and Maintained by Vivekananda Library, MDU Rohtak